<?xml version="1.0" encoding="UTF-8"?>
<record
    xmlns:xsi="http://www.w3.org/2001/XMLSchema-instance"
    xsi:schemaLocation="http://www.loc.gov/MARC21/slim http://www.loc.gov/standards/marcxml/schema/MARC21slim.xsd"
    xmlns="http://www.loc.gov/MARC21/slim">

  <leader>00911nam a22002537a 4500</leader>
  <controlfield tag="005">20170123162309.0</controlfield>
  <datafield tag="010" ind1=" " ind2=" ">
    <subfield code="a">B-123637</subfield>
  </datafield>
  <datafield tag="020" ind1=" " ind2=" ">
    <subfield code="c">200.00</subfield>
  </datafield>
  <datafield tag="035" ind1=" " ind2=" ">
    <subfield code="a">B-123637</subfield>
  </datafield>
  <datafield tag="037" ind1=" " ind2=" ">
    <subfield code="b">Cen Lib/Ret</subfield>
  </datafield>
  <datafield tag="040" ind1=" " ind2=" ">
    <subfield code="a">DPL</subfield>
    <subfield code="b">UR</subfield>
  </datafield>
  <datafield tag="082" ind1=" " ind2=" ">
    <subfield code="a">841.08</subfield>
    <subfield code="b">&#x645; &#x635; &#x62D;</subfield>
  </datafield>
  <datafield tag="245" ind1=" " ind2=" ">
    <subfield code="a">&#x634;&#x6CC;&#x62E; &#x63A;&#x644;&#x627;&#x645; &#x6C1;&#x645;&#x62F;&#x627;&#x646;&#x6CC; &#x645;&#x635;&#x62D;&#x641;&#x6CC;  :</subfield>
    <subfield code="c">&#x645;&#x631;&#x62A;&#x628;  &#x646;&#x638;&#x6CC;&#x631; &#x627;&#x62D;&#x645;&#x62F; </subfield>
    <subfield code="b">&#x62A;&#x62D;&#x6CC;&#x642;&#x6CC; &#x648; &#x62A;&#x646;&#x642;&#x6CC;&#x62F;&#x6CC; &#x62C;&#x627;&#x626;&#x632;&#x6D2;  /</subfield>
  </datafield>
  <datafield tag="246" ind1=" " ind2=" ">
    <subfield code="a">Shaikh Ghulam Humdani Mohsifi : tahqeeqi v tanqeedi jaeze /</subfield>
    <subfield code="b">edited by Nazeer Ahmad</subfield>
  </datafield>
  <datafield tag="260" ind1=" " ind2=" ">
    <subfield code="a">&#x62F;&#x6C1;&#x644;&#x6CC; </subfield>
    <subfield code="b">&#x63A;&#x627;&#x644;&#x628; &#x627;&#x646;&#x633;&#x679;&#x6CC;&#x679;&#x6CC;&#x648;&#x679; </subfield>
    <subfield code="c">2005</subfield>
  </datafield>
  <datafield tag="270" ind1=" " ind2=" ">
    <subfield code="b">&#x62F;&#x6C1;&#x644;&#x6CC; </subfield>
    <subfield code="a">&#x6C1;&#x648;&#x646;&#x6D2; &#x63A;&#x627;&#x644;&#x628; &#x645;&#x631;&#x6AF; </subfield>
    <subfield code="e">110002</subfield>
  </datafield>
  <datafield tag="300" ind1=" " ind2=" ">
    <subfield code="a">360p.</subfield>
    <subfield code="c">21cm(Hb)</subfield>
  </datafield>
  <datafield tag="650" ind1=" " ind2=" ">
    <subfield code="a">&#x627;&#x631;&#x62F;&#x648; &#x627;&#x62F;&#x628; </subfield>
    <subfield code="9">111609</subfield>
  </datafield>
  <datafield tag="650" ind1=" " ind2=" ">
    <subfield code="a">&#x627;&#x631;&#x62F;&#x648; &#x633;&#x648;&#x627;&#x646;&#x62D; &#x639;&#x645;&#x631;&#x6CC;   </subfield>
    <subfield code="9">111610</subfield>
  </datafield>
  <datafield tag="650" ind1=" " ind2=" ">
    <subfield code="a">Urdu literature </subfield>
    <subfield code="9">111611</subfield>
  </datafield>
  <datafield tag="650" ind1=" " ind2=" ">
    <subfield code="a">Urdu biography </subfield>
    <subfield code="9">511</subfield>
  </datafield>
  <datafield tag="700" ind1=" " ind2=" ">
    <subfield code="a">&#x646;&#x638;&#x6CC;&#x631; &#x627;&#x62D;&#x645;&#x62F;</subfield>
    <subfield code="9">111612</subfield>
  </datafield>
  <datafield tag="942" ind1=" " ind2=" ">
    <subfield code="2">ddc</subfield>
    <subfield code="c">UR</subfield>
    <subfield code="h">841.08 </subfield>
    <subfield code="m">&#x645; &#x635; &#x62D;</subfield>
  </datafield>
  <datafield tag="999" ind1=" " ind2=" ">
    <subfield code="c">106428</subfield>
    <subfield code="d">106428</subfield>
  </datafield>
  <datafield tag="952" ind1=" " ind2=" ">
    <subfield code="0">0</subfield>
    <subfield code="1">0</subfield>
    <subfield code="4">0</subfield>
    <subfield code="7">0</subfield>
    <subfield code="a">L</subfield>
    <subfield code="b">L</subfield>
    <subfield code="d">2015-12-21</subfield>
    <subfield code="e">Cen Lib/Ret</subfield>
    <subfield code="g">200.00</subfield>
    <subfield code="l">1</subfield>
    <subfield code="o">841.08 &#x645; &#x635; &#x62D;</subfield>
    <subfield code="p">B-123637</subfield>
    <subfield code="r">2017-09-27 00:00:00</subfield>
    <subfield code="s">2017-08-17</subfield>
    <subfield code="t">1</subfield>
    <subfield code="v">200.00</subfield>
    <subfield code="w">2015-12-21</subfield>
    <subfield code="y">UR</subfield>
  </datafield>
</record>
